Géographie de l'Europe (notice n° 1566706)
[ vue normale ]
| 000 -LEADER | |
|---|---|
| fixed length control field | 01229cam a2200145 4500500 |
| 005 - DATE AND TIME OF LATEST TRANSACTION | |
| control field | 20251214002040.0 |
| 041 ## - LANGUAGE CODE | |
| Language code of text/sound track or separate title | fre |
| 042 ## - AUTHENTICATION CODE | |
| Authentication code | dc |
| 100 10 - MAIN ENTRY--PERSONAL NAME | |
| Personal name | Libourel, Éloïse |
| Relator term | author |
| 245 00 - TITLE STATEMENT | |
| Title | Géographie de l'Europe |
| 260 ## - PUBLICATION, DISTRIBUTION, ETC. | |
| Name of publisher, distributor, etc. | Armand Colin,<br/> |
| Date of publication, distribution, etc. | 2024.<br/> |
| 520 ## - SUMMARY, ETC. | |
| Summary, etc. | L’Europe est un continent aux frontières floues, souvent disputées, et un espace composé d’un mélange d’identités, de peuplements, de langues.Cet ouvrage vise d’abord à analyser les caractéristiques physiques, sociales, démographiques et économiques de cet espace, pivot majeur de la mondialisation. Il cherche ensuite à réfléchir à la place qu’occupe l’Europe dans la mondialisation, dans le jeu géopolitique et géostratégique global ainsi qu’aux forces et aux faiblesses de l’Europe. Enfin, il s’agit de penser les évolutions de la construction européenne qui vise à construire un espace européen uni/uniformisé mais cette construction est sujette depuis plus d’une décennie à une succession de crises qui remettent en cause jusqu’à son existence. |
| 700 10 - ADDED ENTRY--PERSONAL NAME | |
| Personal name | Schorung, Matthieu |
| Relator term | author |
| 856 41 - ELECTRONIC LOCATION AND ACCESS | |
| Uniform Resource Identifier | <a href="https://shs.cairn.info/geographie-de-l-europe--9782200637064?lang=fr&redirect-ssocas=7080">https://shs.cairn.info/geographie-de-l-europe--9782200637064?lang=fr&redirect-ssocas=7080</a> |
Pas d'exemplaire disponible.




Réseaux sociaux